El lado oscuro del análisis del consumidor (Registro nro. 10786)

Detalles MARC
000 -LEADER
fixed length control field 00386 a2200121 4500
001 - CONTROL NUMBER
control field ART_10136
005 - DATE AND TIME OF LATEST TRANSACTION
control field 20260410161613.0
008 - FIXED-LENGTH DATA ELEMENTS--GENERAL INFORMATION
fixed length control field 260409a
100 1# - MAIN ENTRY--PERSONAL NAME
Personal name Davenport, Thomas H.
245 10 - TITLE STATEMENT
Title El lado oscuro del análisis del consumidor
700 1# - ADDED ENTRY--PERSONAL NAME
Personal name Harris, Jeanne G.
773 0# - HOST ITEM ENTRY
Title Harvard Business Review
Related parts Esquivar el corte - Vol. 85, Nº 5 (may. 2007)
Record control number REV340

No hay ítems disponibles.